| Tag |
First Indicator |
Second Indicator |
Subfields |
| LEADER |
00000cam a2200000 a 4500 |
| 001 |
in00000085057 |
| 005 |
20151008054452.0 |
| 008 |
791227s1979 ksua b s00010 eng d |
| 035 |
|
|
|a (OCoLC)05824879
|
| 035 |
|
|
|9 AAJ0751AM
|
| 040 |
|
|
|a EEM
|c EEM
|d TXA
|d UtOrBLW
|
| 043 |
|
|
|a n-us-ks
|
| 049 |
|
|
|a TXAM
|c [1271932]
|
| 090 |
|
|
|a QE113
|b .E5 no.13
|
| 090 |
|
|
|a TN872.K2
|b O7
|
| 100 |
1 |
|
|a Oros, Margaret O.
|
| 245 |
1 |
0 |
|a Oil and gas in Eastern Kansas, a 25-year update /
|c by Margaret O. Oros.
|
| 264 |
|
1 |
|a Lawrence :
|b Kansas Geological Survey, University of Kansas,
|c 1979.
|
| 300 |
|
|
|a 30 pages :
|b illustrations ;
|c 23 cm.
|
| 336 |
|
|
|a text
|b txt
|2 rdacontent
|
| 337 |
|
|
|a unmediated
|b n
|2 rdamedia
|
| 338 |
|
|
|a volume
|b nc
|2 rdacarrier
|
| 490 |
1 |
|
|a Energy resources series ;
|v 13
|
| 500 |
|
|
|a "University of Kansas publications."
|
| 504 |
|
|
|a Bibliography: pages 25-30.
|
| 650 |
|
0 |
|a Oil fields
|z Kansas.
|
| 650 |
|
0 |
|a Oil wells
|z Kansas.
|
| 650 |
|
0 |
|a Natural gas
|z Kansas.
|
| 650 |
|
0 |
|a Petroleum industry and trade
|z Kansas.
|
| 830 |
|
0 |
|a Energy resources series ;
|v 13.
|
| 999 |
|
|
|a MARS
|
| 999 |
f |
f |
|s 41b2e2e4-2cbb-3253-b050-eb536aa6a7b2
|i 7348196f-c478-33cb-91d2-aec5280050de
|t 0
|
| 952 |
f |
f |
|p ric
|a Texas A&M University
|b Rellis Campus
|c Joint Library Facility
|d Remote Storage
|t 0
|e TN872.K2 O7
|h Library of Congress classification
|i unmediated -- volume
|m A14806255684
|
| 998 |
f |
f |
|a TN872.K2 O7
|t 0
|l Remote Storage
|